Návrh modelu pre výkonnejšie a efektívnejšie spravovanie sociálnych sietí. Facebook ako nový trend v marketingu diplomová práca

Saved in:
Bibliographic Details
Main Author: Vargová, Diana
Corporate Author: Obchodná fakulta EU. Katedra marketingu
Other Authors: Lukačovičová, Zuzana
Format: Book
Language:Slovak
Published: Bratislava 2015
Tags: Add Tag
No Tags, Be the first to tag this record!

MARC

LEADER 00000nbm a2200000 4500
001 0201424
005 20161212103705.4
041 0 |a slo 
044 |a SK 
245 1 0 |a Návrh modelu pre výkonnejšie a efektívnejšie spravovanie sociálnych sietí. Facebook ako nový trend v marketingu  |b diplomová práca  |c Diana Vargová ; školiteľ: Zuzana Lukačovičová 
264 1 |a Bratislava  |c 2015 
300 |a 68 s. 
100 1 |a Vargová, Diana 
700 1 |a Lukačovičová, Zuzana 
710 2 |a Obchodná fakulta EU. Katedra marketingu